Le Paléolithique superieur européen : bilan quinquennal, 1991-1996 /

Saved in:
நூற்பட்டியல் விவரங்கள்
குழும எழுத்தாளர்: International Union of Prehistoric and Protohistoric Sciences. Commission VIII.
மற்ற எழுத்தாளர்கள்: Otte, Marcel.
வடிவம்: புத்தகம்
மொழி:French
வெளியீடப்பட்டது: Liège, Belgique : Université de Liège, Service de Préhistoire, [1996]
தொகுதி:Etudes et recherches archéologiques de l'Université de Liège ; no 76.
பகுதிகள்:
குறியீடுகள்: குறிச்சொல் இணை
குறியீடுகள் இல்லை, இந்த குறிச்சொல்லை முதலில் பதிவு செய்யுங்கள்!
LEADER 04103nam a2200313 a 4500
001 007732471-4
005 20020606104010.5
008 970310s1996 be ab b 100 0 fre d
035 0 |a ocm39043885 
041 0 |a freengger 
043 |a e------ 
245 0 3 |a Le Paléolithique superieur européen :  |b bilan quinquennal, 1991-1996 /  |c sous la direction de Marcel Otte. 
260 |a Liège, Belgique :  |b Université de Liège, Service de Préhistoire,  |c [1996] 
300 |a 388 p. :  |b ill., maps ;  |c 29 cm. 
490 1 |a ERAUL ;  |v 76 
546 |a French, English and German. 
500 |a Papers originally presented at a conference of the Union internationale des sciences préhistoriques et protohistoriques, Commission VIII which was held in Forli, Sept. 1996. 
504 |a Includes bibliographical references. 
505 0 0 |t La Rusie d'Europe /  |r G.P. Grigoriev, N. Praslov et L.V. Koltsov --  |t Le Paléolithique supérieur de Géorgie, 1991-1996 /  |r M. Nioradze --  |t Le Paléolithique supérieur d'Ukraine, 1991-1995 /  |r L. Iakovleva --  |t The Late Palaeolithic in Moldavia, 1991-1995 /  |r Il. Borziac --  |t Le Paléolithique supérieur de Roumanie, 1991-1996 /  |r V. Chirica, Al. Paunescu et Em. Alexandrescu --  |t La Bulgarie /  |r N. Sirakov --  |t Upper Palaeolithic research in Greece, 1990-1996 /  |r E. Adam --  |t Upper Palaeolithic of Albania, 1991-1996 /  |r M. Korkuti --  |t The Hungarian Upper Palaeolithic, 1991-1995 /  |r V.T. Dobosi --  |t Le Paléolithique supérieur en Slovénie, 1991-1996 /  |r I. Turk --  |t Le Paléolithique supérieur en Serbie et Croatie, 1991-1996 /  |r A. Montet-White --  |t Die Arbeiten zum Paläolithikum im raum Krems, 1990-1995 /  |r Chr. Neugebauer-Maresch --  |t Grub/Kranawetberg ein Jugpaläolithischer Fundplatz bei Stillfried, Nö /  |r W. Antl Weiser. 
505 8 0 |t Le Paléolithique supérieur de la République Tchèque, 1991-1995 /  |r M. Oliva --  |t Le Paléolithique supérieur en Slovaquie, 1991-1993 /  |r L. Bánesz --  |t Le Paléolithique supérieur en Pologne, 1991-1996 /  |r J.K. Kozlowski --  |t Final Palaeolithic in Poland and Sweden, 1991-1995 /  |r M. Kobusiewicz --  |t Le Paléolithique supérieur et final en Allemagne au nord du Main, 1991-1996 /  |r St. Veil --  |t Le Paléolithique supérieur en Allemagne Méridionale, 1991-1995 /  |r J. Hahn --  |t The Upper Palaeolithic in the Netherlands, 1991-1995 /  |r E. Rensink, J. Deeben and D. Stapert --  |t Le Paléolithique supérieur de Belgique, 1991-1996 /  |r M. Otte et P. Noiret --  |t Le Paléolithique supérieur et final dans la France du Centre-Nord /  |r M. Julien et A. Hantaï --  |t La France du Centre-Est, 1991-1996 /  |r R. Desbrosse --  |t Le site Aurignacien "des Agneaux," Bretagne, Côtes d'Armor /  |r M.-A. Paulet Locard --  |t Bibliographie archéologique régionale, Aquitaine /  |r J.-P. Rigaud et Fr. Delpech --  |t Le Paléolithique supérieur dans le bassin du Rhône, dans les Alpes et en Provence, 1991-1996 /  |r G. Onoratini. 
505 8 0 |t Le Paléolithique supérieur en Pyrénées et en Languedoc Méditerranéen /  |r D. Sacchi --  |t The British Upper Palaeolithic, 1991-1996 /  |r R. Charles --  |t Le Paléolithique supérieur en Italie du Nord, 1991-1995 /  |r A. Broglio --  |t Le Paléolithique supérieur en Italie Méridionale, 1991-1996 /  |r A. Palma di Cesnola --  |t Le Paléolithique supérieur au Pays Basque et dans le Bassin de l'Èbre, 1990-1995 /  |r I. Barandiarán Maetzu --  |t Le Paléolithique supérieur dans la région Cantabrique, 1991-1995 /  |r B. de Quiros --  |t Le Paléolithique supérieur en Espagne, Galice et Asturies, 1991-1995 /  |r J. Fortea Perez --  |t Le Palélithique supérieur dans le Nord-Est Ibérique, 1991-1995 /  |r J. Fullola i Pericot --  |t Le Paléolithique supérieur en Espagne Méditérranéenne /  |r C. Cacho-Quesada --  |t Le Paléolithique supérieur du Portugal, 1991-1996 /  |r J. Zilhão. 
650 0 |a Paleolithic period  |z Europe. 
650 0 |a Excavations (Archaeology)  |z Europe. 
651 0 |a Europe  |x Antiquities. 
700 1 |a Otte, Marcel. 
710 2 |a International Union of Prehistoric and Protohistoric Sciences.  |b Commission VIII. 
830 0 |a Etudes et recherches archéologiques de l'Université de Liège ;  |v no 76. 
988 |a 20020608 
906 |0 MH